Gaming Quiz

Random Gaming Quiz

FFXIV Trivia! Quiz Stats

Quiz not verified by Sporcle

Challenge
Share
Tweet
Embed
Score 0/46 Timer 10:00
0 Plays Today
Hint Answer % Correct
WAR receives how much increased damage from its Maim buff?20%
70%
The potency of which skill decreases as the player's HP decreases?Spirits Within
66.7%
At the launch of ARR, what was the highest level it was possible for a Legacy player to start with?50
40%
In what patch was The Second Coil of Bahamut released?2.2
35%
What is the name of the 'ritual mudra hand gesture for 'heaven' '?Ten
35%
Name one of the 2 four letter EU servers?Odin
30%
If you have 800TP, how many seconds of sprint will you gain?16
30%
Convert sacrifices 20% of maximum HP. What percentage of MP does it restore?30%
28.3%
What race is the skywatcher in Mor Dhona?miqote
28.3%
What is the colour of the manifesto received from Alex Gordian 1?Red
25%
What does Empyreal Arrow have that is unique to all other oGCDs?weaponskill
23.3%
What is the duration of Goad?30s
21.7%
At what level do you unlock the trait to stack 3 Aetherflows?40
21.7%
How many distinct Heavensfall patterns are there in T9?3
20%
What is the only EU legacy server?Ragnarok
18.3%
What mechanic was patched several times in The Binding Coil of Bahamut?Twisters
16.7%
In Pharos Sirius NM, what is the name of the spell that debuffs a party member until they are fully healed?Siren's Song
15%
What level is the trait Enhanced Venomous Bite unlocked?24
15%
How many times does the fifth Akh Morn hit?6
13.3%
What is the name of the only JP server beginning with Z?Zeromus
10%
Furymint can be farmed in two zones. Name one.The Sea of Clouds
10%
What is the potency of Jump when you are under the effect of Blood of the Dragon and Power Surge?360
8.3%
What is the recast time on Silent Dusk?40s
8.3%
Hint Answer % Correct
What is the name of the mini boss before Siren in Pharos Sirius NM?Tyrant
8.3%
Submitting 3000 collectables to Rowena's House of Splendors will gain you what title?Business Associate
6.7%
Which role always receives one of the shrieks during double shriek in the last phase of T7s?MT
6.7%
Name the Weaver cross class skill which costs the most CP?Name of Lightning
5%
Which player applied DoT has the strongest potency tick?Salted Earth
5%
What title do you receive for achieving PVP rank 30 with the Maelstrom?Storm Hound
5%
Name one of the two traits of Coincounter in Aurum Vale that cannot be seen in any dungeon below it?Aggro reset
3.3%
What is the CP cost of Muscle Memory?6
3.3%
Which skill originally reduced enemy damage dealt by 10%?Rain of Death
3.3%
How much MP does it cost to summon Selene as a level 60 Scholar?1768
3.3%
How wide in yalms is the AOE from caster LB2?10y
3.3%
What is the only bait that can be purchased from the vendor in Tailfeather?Stonefly Nymph
3.3%
What macro command can be placed at the beginning of a macro to prevent the execution of any other macro until all the steps following it have been executed?/macrolock
1.7%
What is the first fish in the Fish Guide?Malm Kelp
1.7%
What is the least common favor item found by Botanists in Churning Mists?Dragon's Wart
0%
What is the total progress needed for the completion of an Adamantite Ingot craft?1436
0%
What does Enhanced Focalization II extend the duration of Focalization to?25s
0%
What is the first option in the Calamity Salvager's menu?Item Reclaim
0%
'A rare flower that has an elemental aspect tipped severely in the direction of Astral.'Seventh Heaven
0%
'Soup made from leeks and onions sauteed in butter and mixed with chicken stock.'Cawl Cennin
0%
Name any of the classes or jobs which are the furthest right on their rows when viewing search info.Arcanist, Astrologian, Culinarian, Fisher
0%
Heavens' Ward Helm fragment is made of which metal?Steel
0%
0%

You're not logged in!

Compare scores with friends on all Sporcle quizzes.
Sign Up with Email
OR
Log In

You Might Also Like...

Show Comments

Extras

Top Quizzes Today


Score Distribution

Your Account Isn't Verified!

In order to create a playlist on Sporcle, you need to verify the email address you used during registration. Go to your Sporcle Settings to finish the process.